000 00765nam a2200217Ii 4500
003 JO-AjNU
008 230605s9999||||xx |||||||||||||| ||und||
017 _a1986/58
040 _aJO-AjNU
_bara
_erda
_cJO-AjNU
041 _aara
050 1 4 _aPJ7696.Z8.Z75 1986
100 3 _aتأليف خماس،عبد الغني,
_eauthor
_99988
245 0 0 _aزهير بن أبي سلمى شاعرا وحكيم
264 3 1 _aبغداد:مطبعة الجاحظ للطباعة والنشر،1986
300 _a81ص
336 _atext
_btxt
_2rdacontent
337 _aunmediated
_bn
_2rdamedia
338 _avolume
_bnc
_2rdacarrier
490 0 _aالسلسلة الأدبية
650 4 _a الشعر العربي - صدر الإسلام - زهير بن أبي سلمى
_99989
999 _aA1580
_c5148
_d5148